Nor-i Muṣṭafā kī jhalakiyān : (Record no. 614449)

000 -LEADER
fixed length control field 01303nam a2200265 4500
040 ## - CATALOGING SOURCE
Transcribing agency NSHS
082 ## - DEWEY DECIMAL CLASSIFICATION NUMBER
Classification number 297.63
Author Mark KHI
100 1# - MAIN ENTRY--PERSONAL NAME
Personal name Khiṭāb, Maḥmūd Shīṭ.
9 (RLIN) 130242
245 1# - TITLE STATEMENT
Title Nor-i Muṣṭafā kī jhalakiyān :
Remainder of title faujī nuqṭa-yi nazar se /
Statement of responsibility, etc. General Maḥmūd Shīṭ Khiṭāb.
246 ## - VARYING FORM OF TITLE
Title proper/short title Noor-e-Mustafa ki Jhalkian
246 ## - VARYING FORM OF TITLE
Title proper/short title Nor-i Mustafa ki jhalkian
246 ## - VARYING FORM OF TITLE
Title proper/short title Noor-e Mustafa ki jhalkian
260 ## - PUBLICATION, DISTRIBUTION, ETC.
Place of publication, distribution, etc. Rāwalpindī:
Name of publisher, distributor, etc. Hirā Buk Ḍīpū,
Date of publication, distribution, etc. [n.d.]
300 ## - PHYSICAL DESCRIPTION
Extent 132 pages
500 ## - GENERAL NOTE
General note DC010725
500 ## - GENERAL NOTE
General note Religion
520 ## - SUMMARY, ETC.
Summary, etc. Nūr-i Muṣṭafā kī Jhalakiyān is a spiritual and devotional book that presents short glimpses into the blessed life, noble character, and shining qualities of the Prophet Muhammad (peace be upon him). Through inspiring stories and reflections, the book helps readers grow in love, respect, and admiration for the Prophet. It encourages Muslims to follow his example in daily life and appreciate his mercy, patience, and guidance.
546 ## - LANGUAGE NOTE
Language note In Urdu
600 ## - SUBJECT ADDED ENTRY--PERSONAL NAME
Personal name Muhammad (Peace be Upon Him), Prophet
9 (RLIN) 129607
650 #0 - SUBJECT ADDED ENTRY--TOPICAL TERM
Topical term or geographic name entry element Military leadership
General subdivision Islamic aspects
9 (RLIN) 130243
650 #0 - SUBJECT ADDED ENTRY--TOPICAL TERM
Topical term or geographic name entry element Islam
General subdivision Doctrines
9 (RLIN) 1634
650 #0 - SUBJECT ADDED ENTRY--TOPICAL TERM
Topical term or geographic name entry element Sīrah literature
9 (RLIN) 130244
942 ## - ADDED ENTRY ELEMENTS (KOHA)
Source of classification or shelving scheme
Koha item type Book
Holdings
Withdrawn status Lost status Source of classification or shelving scheme Damaged status Not for loan Permanent Location Current Location Date acquired Full call number Barcode Date last seen Price effective from Koha item type
          NUST School of Health Sciences (NSHS) NUST School of Health Sciences (NSHS) 07/22/2025 297.63 KHI NSHS-2030 07/22/2025 07/22/2025 Book
© 2023 Central Library, National University of Sciences and Technology. All Rights Reserved.